000 00791 a2200253 4500
005 20260407144140.0
008 260407b |||||||| |||| 00| 0 eng d
020 _a978-93-5002-942-8 (pbk)
037 _cTB
040 _aCRL
_cCRL
041 _2eng
_aeng
084 _aY5 R6
_qCRL
245 _aRights of the oppressed an Indian inventory
260 _aDelhi, India:
_bAakar Books,
_c2026.
300 _a604p.
365 _b1495.00
_cINR
650 _aSociology
700 _aSaxena, K. B.
_eEditors
_91115573
700 _aMohanty, Manoranjan
_eEditors
700 _aSingh, Anushka
_eEditors
_91111415
700 _aLiang, Lawrence
_eEditors
_9813117
942 _cTB
_2CC
_hY5 R6
999 _c1679534
_d1679534